English Football League Kit Manufacturers 2025/2026 - Statistics

General Stats
  • This quiz has been taken 45 times
  • The average score is 90 of 164
Answer Stats
League Club Manufacturer % Correct
Premier League Arsenal Adidas
100%
Premier League Aston Villa Adidas
100%
Premier League Fulham Adidas
100%
Premier League Leeds Adidas
100%
Premier League Liverpool Adidas
100%
Premier League Manchester United Adidas
100%
Premier League Newcastle Adidas
100%
Premier League Nottingham Forest Adidas
100%
Championship Leicester Adidas
100%
League One Exeter Adidas
100%
League Two Salford Adidas
100%
League Two Swindon Adidas
100%
National League Halifax Adidas
100%
National League Woking Adidas
100%
National League North Buxton Adidas
100%
National League North Curzon Ashton Adidas
100%
National League North Macclesfield Adidas
100%
National League North Scarborough Adidas
100%
Premier League Brighton Nike
100%
Premier League Chelsea Nike
100%
Premier League Tottenham Nike
100%
Championship Birmingham Nike
100%
Championship Portsmouth Nike
100%
National League North AFC Telford United Nike
100%
Premier League Manchester City Puma
90%
Championship Derby Puma
90%
Championship Southampton Puma
90%
League One Blackpool Puma
90%
League One Leyton Orient Puma
90%
League One Northampton Puma
90%
League One Peterborough Puma
90%
League One Plymouth Puma
90%
League One Port Vale Puma
90%
League One Rotherham Puma
90%
League One Stockport Puma
90%
League One Wigan Puma
90%
League Two Barrow Puma
90%
League Two Chesterfield Puma
90%
League Two Crewe Puma
90%
League Two Fleetwood Puma
90%
League Two Notts County Puma
90%
League Two Oldham Puma
90%
National League Altrincham Puma
90%
National League Boreham Wood Puma
90%
National League Brackley Puma
90%
National League North Chorley Puma
90%
National League North Radcliffe Puma
90%
Premier League Bournemouth Umbro
79%
Premier League West Ham Umbro
79%
Championship Ipswich Umbro
79%
League Two Cambridge Umbro
79%
League Two Grimsby Umbro
79%
National League Boston Umbro
79%
National League Carlisle Umbro
79%
National League North South Shields Umbro
79%
National League South Dagenham & Redbridge Umbro
79%
Premier League Burnley Castore
67%
Premier League Everton Castore
67%
Championship Middlesbrough Castore
67%
Championship Preston Castore
67%
League One Huddersfield Castore
67%
League One Cardff New Balance
64%
League Two Harrogate New Balance
64%
Premier League Brentford Joma
59%
Championship Norwich Joma
59%
Championship Swansea Joma
59%
National League South Horsham Joma
59%
Championship Hull Kappa
59%
National League Truro Kappa
59%
National League North Bedford Kappa
59%
Premier League Crystal Palace Macron
56%
Championship Blackburn Macron
56%
Championship Oxford United Macron
56%
Championship Sheffield Wednesday Macron
56%
Championship Stoke Macron
56%
Championship West Brom Macron
56%
Championship Wrexham Macron
56%
League One Bolton Macron
56%
League One Bradford Macron
56%
League One Reading Macron
56%
League One Stevenage Macron
56%
League Two Accrington Macron
56%
League Two Bristol Rovers Macron
56%
League Two Bromley Macron
56%
League Two Colchester Macron
56%
League Two Gillingham Macron
56%
League Two Walsall Macron
56%
National League Solihull Macron
56%
National League Southend Macron
56%
National League Tamworth Macron
56%
National League North Darlington Macron
56%
National League North Merthyr Macron
56%
National League North Oxford City Macron
56%
National League North Southport Macron
56%
National League South AFC Totton Macron
56%
National League South Bath Macron
56%
National League South Dorking Macron
56%
National League South Enfield Macron
56%
National League South Hornchurch Macron
56%
National League South Maidstone Macron
56%
National League South Salisbury Macron
56%
National League South Slough Macron
56%
National League South Worthing Macron
56%
Premier League Sunderland Hummel
51%
Championship Coventry Hummel
51%
League One Wycombe Hummel
51%
National League York Hummel
51%
Championship Charlton Reebok
33%
League Two MK Dons Reebok
33%
Championship Millwall Errea
31%
Championship QPR Errea
31%
Championship Sheffield United Errea
31%
League One Mansfield Errea
31%
League Two Cheltenham Errea
31%
League Two Crawley Errea
31%
National League Aldershot Errea
31%
National League Eastleigh Errea
31%
National League Yeovil Errea
31%
National League North Spennymoor Errea
31%
National League South Eastbourne Errea
31%
National League South Hampton & Richmond Errea
31%
National League South Hemel Hempstead Errea
31%
Premier League Wolves Sudu
26%
Championship Watford Kelme
23%
National League Scunthorpe Kelme
23%
National League Wealdstone Kelme
23%
National League South Maidenhead Kelme
23%
Championship Bristol City O'Neills
23%
National League Rochdale O'Neills
23%
National League Sutton O'Neills
23%
National League South Farnborough O'Neills
23%
National League South Ebbsfleet Admiral
13%
League One AFC Wimbledon Lotto
13%
League One Barnsley Oxen
13%
League One Doncaster Oxen
13%
League One Lincoln Oxen
13%
League Two Shrewsbury Oxen
13%
League One Luton Reflo
10%
National League Forest Green Reflo
10%
National League North King's Lynn Capelli
8%
League Two Tranmere Mills
8%
League Two Barnet Stanno
8%
National League North Peterborough Sports Stanno
8%
League One Burton TAG
5%
National League South Chippenham Uhlsport
5%
League Two Newport VX3
5%
National League South Dover VX3
5%
National League South Torquay VX3
5%
National League Gateshead Hope & Glory
3%
National League North Chester Hope & Glory
3%
National League South Tonbridge Hope & Glory
3%
National League North Hereford M and M Direct
3%
National League North Kidderminster Scimitar
3%
National League Braintree Andreas Carter Sports
0%
National League South Chesham Karuta
0%
National League North Marine Malooka
0%
National League Hartlepool Meyba
0%
National League North Alfreton SK Kits
0%
National League North AFC Fylde Surridge
0%
National League North Leamington Surridge
0%
National League North Worksop Surridge
0%
National League South Chelmsford Surridge
0%
National League Morecambe Terrace
0%
National League South Weston-super-Mare Volt Sport
0%
No matching quizzes found
Score Distribution
Percent of People with Each Score
Percentile by Number Answered
Your Score History
You have not taken this quiz